000 00837nam a2200181Ia 4500
008 100921s9999 xx 000 0 und d
082 _b30724
_a891.461-4 थ 98
100 _aकुलकर्णी विनायक महादेव.मोरजे गंगाधर.संपा.
245 _aरामजोशीकृत लावण्या.
260 _bपद्मगंधा प्रकाशन, पुणे.
_c1998
300 _a164
_bमयुरेष बुक एजन्सी,कराड
365 _b110
520 _aललित शाहिरी वाङ्रमय.
630 _aरामजोशीकृत लावण्या.
650 _aललित शाहिरी वाङ्रमय.
730 _aरामजोशीकृत लावण्या.
942 _cBOOK
999 _c779837
_d779834